[Event "Arber op 8th"]
[Site "Bodenmais"]
[Date "2019.08.03"]
[Round "8"]
[White "Fauth, Dietmar"]
[Black "Schmitz, Tim"]
[Result "1/2-1/2"]
[WhiteElo "2122"]
[BlackElo "1870"]
[PlyCount "112"]
[EventDate "2019.07.27"]
[EventType "swiss"]
[EventRounds "9"]
[EventCountry "GER"]
[SourceTitle "CBM 191 Extra"]
[Source "ChessBase"]
[SourceDate "2019.09.30"]
[SourceVersion "1"]
[SourceVersionDate "2019.09.30"]
[SourceQuality "1"]

1. e4 c5 2. d4 cxd4 3. c3 dxc3 4. Nxc3 Nc6 5. Nf3 d6 6. Bc4 a6 7. 0-0 Nf6 8. Bf4 Bg4 9. h3 Bxf3 10. Qxf3 e6 11. Rfd1 Qb8 12. Be2 Be7 13. Qg3 0-0 14. Rxd6 Bxd6 15. Bxd6 Qa7 16. Bxf8 Rxf8 17. Rd1 Qb8 18. Qe3 Rd8 19. Qb6 Rxd1+ 20. Bxd1 Nd7 21. Qb3 Nc5 22. Qc4 Qe5 23. b4 Nd7 24. Qd3 Qd4 25. Qxd4 Nxd4 26. Ne2 Nc6 27. a3 Nb6 28. Bb3 Kf8 29. f4 e5 30. g3 Ke7 31. Kf2 f6 32. Ke3 Kd6 33. h4 Na8 34. Kd3 Nc7 35. Nc3 Nd4 36. Bg8 h6 37. Bc4 Nce6 38. Nd5 Nd8 39. h5 N8c6 40. Ne3 a5 41. bxa5 Nxa5 42. Bd5 Kc5 43. Bf7 Nac6 44. Be8 b5 45. Ng4 b4 46. Bxc6 Nxc6 47. axb4+ Nxb4+ 48. Kc3 Nc6 49. fxe5 fxe5 50. Ne3 Nd4 51. Kd3 Kd6 52. g4 Ke6 53. Nd5 Nf3 54. Ke2 Nd4+ 55. Kf2 Kf7 56. Kg3 Ne6 1/2-1/2

[Event "Arber op 7th"]
[Site "Bodenmais"]
[Date "2018.07.28"]
[Round "1"]
[White "Hoffmann, Sebastian1111"]
[Black "Schmitz, Tim"]
[Result "1-0"]
[WhiteElo "2174"]
[BlackElo "1821"]
[PlyCount "77"]
[EventDate "2018.07.28"]
[EventType "swiss"]
[EventRounds "9"]
[EventCountry "GER"]
[SourceTitle "CBM 185 Extra"]
[Source "ChessBase"]
[SourceDate "2018.07.29"]
[SourceVersion "1"]
[SourceVersionDate "2018.07.29"]
[SourceQuality "1"]

1. e4 c5 2. c3 d5 3. exd5 Qxd5 4. d4 Nc6 5. Nf3 Bg4 6. dxc5 Qxd1+ 7. Kxd1 e5 8. b4 a6 9. Nbd2 Nf6 10. Kc2 Be7 11. Bb2 0-0 12. Bc4 e4 13. Nd4 Ne5 14. Rhe1 Nxc4 15. Nxc4 Rfe8 16. h3 Bh5 17. Nf5 Bg6 18. Nxe7+ Rxe7 19. Rad1 Kf8 20. Kb3 Bf5 21. Nd6 Be6+ 22. c4 a5 23. Bxf6 gxf6 24. a3 f5 25. Rd4 Kg7 26. f3 exf3 27. gxf3 Kf6 28. Rg1 axb4 29. axb4 Rh8 30. f4 h6 31. Rd2 Rd7 32. Ra1 Rg8 33. Rd3 Rg2 34. Ra7 Rf2 35. Rxb7 Rxb7 36. Nxb7 Rxf4 37. Nd6 Bd7 38. b5 Rf1 39. c6 1-0

[Event "Rhein Main op-B 21st"]
[Site "Bad Homburg"]
[Date "2018.05.31"]
[Round "3"]
[White "Schmitz, Tim"]
[Black "Bajorski, Leszek"]
[Result "1/2-1/2"]
[WhiteElo "1843"]
[BlackElo "1970"]
[PlyCount "95"]
[EventDate "2018.05.30"]
[EventType "swiss"]
[EventRounds "7"]
[EventCountry "GER"]
[SourceTitle "EXT 2019"]
[Source "ChessBase"]
[SourceDate "2018.10.10"]
[SourceVersion "1"]
[SourceVersionDate "2018.10.10"]
[SourceQuality "1"]

1. e4 c6 2. d4 d5 3. Nc3 dxe4 4. Nxe4 Bf5 5. Ng3 Bg6 6. Nf3 Nd7 7. h4 h6 8. h5 Bh7 9. Bd3 Bxd3 10. Qxd3 Ngf6 11. Bd2 e6 12. 0-0-0 Be7 13. Kb1 0-0 14. Ne4 Nxe4 15. Qxe4 Nf6 16. Qe2 Qd5 17. Ne5 Qe4 18. Qxe4 Nxe4 19. Be3 Rfd8 20. g4 c5 21. dxc5 Bxc5 22. Bxc5 Nxc5 23. f3 f6 24. Nc4 Kf8 25. Kc1 b6 26. Rxd8+ Rxd8 27. Rd1 Rxd1+ 28. Kxd1 Ke7 29. Kd2 f5 30. Ne3 Kf6 31. b4 Nd7 32. c4 Ke5 33. Kd3 Kf4 34. gxf5 exf5 35. Kd4 Kg5 36. c5 bxc5+ 37. bxc5 Kxh5 38. c6 Nb6 39. Nxf5 Kg6 40. Ke5 h5 41. f4 Kf7 42. c7 h4 43. Nxh4 Ke7 44. Nf5+ Kd7 45. Nxg7 Kxc7 46. Ne6+ Kd7 47. f5 Ke7 48. Nd4 1/2-1/2

[Event "Stuttgart-chB int"]
[Site "Ditzingen"]
[Date "2018.05.13"]
[Round "7"]
[White "Schmitz, Tim"]
[Black "Michna, Marcus"]
[Result "1/2-1/2"]
[WhiteElo "1849"]
[BlackElo "1749"]
[PlyCount "31"]
[EventDate "2018.05.10"]
[EventType "swiss"]
[EventRounds "7"]
[EventCountry "GER"]
[SourceTitle "EXT 2020"]
[Source "ChessBase"]
[SourceDate "2019.10.17"]
[SourceVersion "1"]
[SourceVersionDate "2019.10.17"]
[SourceQuality "1"]

1. e4 e6 2. d4 d5 3. Nd2 Nf6 4. e5 Nfd7 5. Bd3 c5 6. c3 Nc6 7. Ngf3 Be7 8. 0-0 0-0 9. Re1 cxd4 10. cxd4 f6 11. Nf1 fxe5 12. dxe5 Rxf3 13. Qxf3 Ndxe5 14. Qh3 Nxd3 15. Qxd3 Nb4 16. Qb3 1/2-1/2

[Event "Arber op 6th"]
[Site "Bodenmais"]
[Date "2017.08.06"]
[Round "9"]
[White "Schmitz, Tim"]
[Black "Wacker, Felix"]
[Result "0-1"]
[WhiteElo "1838"]
[BlackElo "1900"]
[PlyCount "64"]
[EventDate "2017.07.29"]
[EventType "swiss"]
[EventRounds "9"]
[EventCountry "GER"]
[SourceTitle "EXT 2018"]
[Source "ChessBase"]
[SourceDate "2017.10.13"]
[SourceVersion "1"]
[SourceVersionDate "2017.10.13"]
[SourceQuality "1"]

1. e4 c6 2. d4 d5 3. Nc3 g6 4. Nf3 Bg7 5. e5 Bg4 6. h3 Bxf3 7. Qxf3 e6 8. Bd3 a6 9. Be3 c5 10. 0-0-0 c4 11. Bf1 Nd7 12. h4 h5 13. g3 Ne7 14. Bh3 b5 15. g4 Qa5 16. Kb1 b4 17. Ne2 Qb5 18. gxh5 gxh5 19. Rhg1 Bf8 20. Nf4 b3 21. cxb3 cxb3 22. a3 Nb6 23. Nxh5 Rc8 24. Ng7+ Bxg7 25. Rxg7 Rf8 26. Qh5 Qc4 27. Bxe6 Qc2+ 28. Ka1 Nc4 29. Bxf7+ Kd8 30. Bc1 Nxa3 31. Bg5 Qb1+ 32. Rxb1 Nc2# 0-1

[Event "Pfarrkirchen Rottal op 1st"]
[Site "Pfarrkirchen"]
[Date "2017.04.17"]
[Round "6"]
[White "Hehn, Hartmut"]
[Black "Schmitz, Tim"]
[Result "0-1"]
[WhiteElo "2022"]
[BlackElo "1860"]
[PlyCount "102"]
[EventDate "2017.04.14"]
[EventType "swiss"]
[EventRounds "7"]
[EventCountry "GER"]
[SourceTitle "CBM 177 Extra"]
[Source "ChessBase"]
[SourceDate "2017.04.27"]
[SourceVersion "1"]
[SourceVersionDate "2017.04.27"]
[SourceQuality "1"]

1. e4 c5 2. Nf3 d6 3. d4 cxd4 4. Nxd4 Nf6 5. Nc3 a6 6. Bg5 e6 7. f4 h6 8. Bh4 Be7 9. Qf3 Qc7 10. 0-0-0 Nbd7 11. Kb1 g5 12. fxg5 Ne5 13. Qe2 Nfg4 14. Nf3 b5 15. Nxe5 Nxe5 16. Qh5 Ng6 17. Bg3 hxg5 18. Qf3 Bb7 19. Qe3 Rc8 20. Bd3 Ne5 21. Rhf1 Qc5 22. Qd2 b4 23. Na4 Qa5 24. b3 Bc6 25. Nb2 Qb6 26. Qe2 a5 27. Nc4 Qc7 28. Nxe5 dxe5 29. Bb5 Bd6 30. Rd2 Ke7 31. Rfd1 Rhd8 32. h4 Bxb5 33. Qxb5 Qc3 34. Qd3 Qxd3 35. Rxd3 g4 36. c4 f6 37. Bf2 Bc7 38. Bc5+ Kf7 39. Kc2 f5 40. Rd7+ Rxd7 41. Rxd7+ Kg6 42. g3 f4 43. Bf2 Bd8 44. Kd3 Bxh4 45. gxh4 g3 46. Bb6 f3 47. Ke3 Rf8 48. Rd1 Kh5 49. c5 f2 50. Ke2 g2 51. Rf1 g1Q 0-1

[Event "Pfarrkirchen Rottal op 1st"]
[Site "Pfarrkirchen"]
[Date "2017.04.15"]
[Round "2"]
[White "Kleibel, Uwe"]
[Black "Schmitz, Tim"]
[Result "1-0"]
[WhiteElo "2181"]
[BlackElo "1860"]
[PlyCount "89"]
[EventDate "2017.04.14"]
[EventType "swiss"]
[EventRounds "7"]
[EventCountry "GER"]
[SourceTitle "CBM 177 Extra"]
[Source "ChessBase"]
[SourceDate "2017.04.27"]
[SourceVersion "1"]
[SourceVersionDate "2017.04.27"]
[SourceQuality "1"]

1. e4 c5 2. Nf3 d6 3. d4 cxd4 4. Nxd4 Nf6 5. Nc3 a6 6. Bg5 e6 7. f4 h6 8. Bh4 Be7 9. Qf3 Qc7 10. 0-0-0 Nbd7 11. f5 e5 12. Nde2 b5 13. Bxf6 Nxf6 14. Nd5 Nxd5 15. exd5 Bb7 16. Ng3 0-0-0 17. Kb1 Kb8 18. Bd3 Rc8 19. Be4 Qb6 20. Nh5 g6 21. fxg6 fxg6 22. Bxg6 Rhf8 23. Bf5 Rc4 24. g4 Qc5 25. Qg2 e4 26. b3 Rc3 27. Qxe4 Re3 28. Qd4 Qxd4 29. Rxd4 Bf6 30. Nxf6 Rxf6 31. Kc1 Kc7 32. Kd2 Re5 33. Re1 Rxe1 34. Kxe1 Kb6 35. b4 a5 36. a3 axb4 37. axb4 Rf8 38. Ke2 Bc8 39. Be6 Re8 40. Re4 Kc7 41. Ke3 Rf8 42. Rf4 Re8 43. Rf6 Rh8 44. Kf4 Bd7 45. Rf7 1-0

[Event "Forchheim op-B 15th"]
[Site "Forchheim"]
[Date "2016.10.01"]
[Round "1"]
[White "Schmitz, Tim"]
[Black "Zirlik, Rudi"]
[Result "0-1"]
[WhiteElo "1808"]
[BlackElo "1873"]
[PlyCount "120"]
[EventDate "2016.10.01"]
[EventType "swiss"]
[EventRounds "5"]
[EventCountry "GER"]
[SourceTitle "EXT 2019"]
[Source "ChessBase"]
[SourceDate "2018.10.10"]
[SourceVersion "1"]
[SourceVersionDate "2018.10.10"]
[SourceQuality "1"]

1. e4 c5 2. Nf3 d6 3. d4 cxd4 4. Nxd4 Nc6 5. Nc3 Nf6 6. Bg5 Qb6 7. Ndb5 Be6 8. Qd2 a6 9. Be3 Qa5 10. Nd4 Nxd4 11. Bxd4 Rc8 12. Bd3 Ng4 13. f4 Rg8 14. h3 Nf6 15. a3 g6 16. Qe3 Nd7 17. 0-0 Bc4 18. e5 dxe5 19. fxe5 Bg7 20. Rae1 Be6 21. b4 Qc7 22. b5 Bxe5 23. Bxe5 Nxe5 24. Qxe5 Qxc3 25. bxa6 Qxe5 26. Rxe5 bxa6 27. Ra5 Rc6 28. Rxa6 Rxa6 29. Bxa6 Kd7 30. Bb5+ Kd6 31. Kf2 Kc5 32. a4 Bf5 33. c3 Rd8 34. Ke3 Rd6 35. g4 Be6 36. Rf4 Rd1 37. g5 Rg1 38. h4 Rg3+ 39. Rf3 Rxf3+ 40. Kxf3 Bb3 41. Ke4 Kb6 42. Ke5 Kc5 43. Ke4 f6 44. gxf6 exf6 45. h5 Bc2+ 46. Kf4 g5+ 47. Ke3 h6 48. Kd2 Bb3 49. Kd3 Bf7 50. Ke4 Be6 51. Be2 Bd7 52. a5 f5+ 53. Ke5 f4 54. Ke4 Bc6+ 55. Ke5 f3 56. Bd3 Bb5 57. Be4 f2 58. Bg2 f1Q 59. Bxf1 Bxf1 60. Kf5 Be2 0-1